Reeducación psicomotriz, psicoterapia y atención precoz
Guardat en:
| Autor principal: | |
|---|---|
| Format: | Llibre |
| Idioma: | espanyol |
| Publicat: |
Barcelona
Laertes
1997
|
| Edició: | 1a. ed |
| Col·lecció: | Cuadernos de Paidopsiquiatría, 9
|
| Matèries: | |
| Etiquetes: |
Afegir etiqueta
Sense etiquetes, Sigues el primer a etiquetar aquest registre!
|
MARC
| LEADER | 00000nam a2200000 a 4500 | ||
|---|---|---|---|
| 001 | UCG0855 | ||
| 003 | CL-VaPUC | ||
| 008 | 100408e19971200SP |||||||||||||||||spa|d | ||
| 020 | |a 8475843468 | ||
| 082 | 0 | 4 | |a 617.103 |b TOM |2 21 |
| 100 | 0 | |a Tomàs, Josep |e author |9 548500 | |
| 245 | 1 | 0 | |a Reeducación psicomotriz, psicoterapia y atención precoz |
| 250 | |a 1a. ed | ||
| 300 | |a 267 p | ||
| 942 | |c BK | ||
| 945 | |d 20100408 00:00:00 |a dcastane | ||
| 260 | |a Barcelona |b Laertes |c 1997 | ||
| 650 | 7 | |a REHABILITACION FISICA |2 CL-VaPUC |9 548501 | |
| 650 | 7 | |a TERAPIA FISICA |2 CL-VaPUC |9 334239 | |
| 650 | 7 | |a MEDICINA FISICA |2 CL-VaPUC |9 307380 | |
| 650 | 7 | |a PSICOTERAPIA |2 CL-VaPUC |9 548502 | |
| 583 | |a last modification |c 20131230 05:36:28 |k Rodrigo Vera | ||
| 490 | 0 | |a Cuadernos de Paidopsiquiatría, 9 | |
| 999 | |c 340373 |d 340371 | ||
| 952 | |0 0 |1 0 |4 0 |6 617_103000000000000_TOM_1997 |7 0 |8 A |9 435025 |a BIBCUR |b BIBCUR |d 2019-11-22 |i 4658167 |o 617.103 TOM 1997 |p 4658167 |r 2025-04-22 |w 2019-11-22 |y BK |k KIN | ||